Adele Filmography - Statistics

General Stats
  • This quiz has been taken 25 times
    4 since last reset
  • The average score is 3 of 33
Answer Stats
Type Year Name % Correct
TV Show 2008, 2015, 2020 Saturday Night Live
75%
TV Special 2021 Adele: One Night Only
50%
TV Special 2021 An Audience with Adele
50%
TV Special 2015 Adele at the BBC
25%
Concert Film 2011 Adele Live at the Royal Albert Hall
25%
TV Special 2015 Adele: Live in New York City
25%
TV Show 2009 Ugly Betty
25%
Documentary Series 2012 60 Minutes
0%
Short TV Documentary 2008 Adele 20
0%
Documentary 2021 Adele: A New Chapter
0%
Documentary 2012 Adele: Chasing Stardom
0%
TV Special 2015 Adele: Live in London
0%
TV Special 2012 Adele: Live in London with Matt Lauer
0%
TV Documentary 2016 Adele: Someone Like Me
0%
Documentary 2012 Adele: The Only Way Is Up
0%
Documentary Series 2008 BBC Electric Proms
0%
TV Special 2011 Children in Need
0%
TV Special 2011 Comic Relief: Red Nose Day
0%
TV Show 2009 Dancing with the Stars
0%
TV Mini-Series 2016 Glastonbury 2016
0%
Web Series 2023 Gown and Out in Beverly Hills
0%
TV Special 2008 Jools' Annual Hootenanny
0%
Documentary 2012 Katy Perry: Part of Me
0%
TV Show 2007, 2008, 2011 Later... with Jools Holland
0%
TV Show 2009 MTV Unplugged
0%
TV Show 2008, 2009 Never Mind the Buzzcocks
0%
TV Show 2008 Sound
0%
Commercial 2015 Target
0%
TV Special 2023 The Last Last Late Late Show with James Corden Carpool Karaoke Special
0%
TV Special 2010 The Royal Variety Performance
0%
TV Show 2015 Today
0%
TV Show 2008, 2011 Top of the Pops
0%
TV Mini-Series 2009 Ushi & Dushi
0%
No matching quizzes found
Score Distribution
Percent of People with Each Score
Percentile by Number Answered
Your Score History
You have not taken this quiz since the last reset